000 00590nam a2200241 a 4500
001 nice12345678
003 IN_TiNIC
005 20260116014100.0
008 140525s2011 oxfa grp 000 0 eng
020 _a9781851687121
_c395
082 0 0 _a305.4
_bSCH
100 _aScholz, Sally J
245 _aFeminism
_b A Beginner`s Guide
260 _aOxford
_bOne World Publications
_c2011
300 _a203p
500 _aincludes index and biblioraphy
505 2 _aindex
650 _aFeminism
700 1 _aScholz, Sally J
902 _bSRS
942 _cBK
999 _c13794
_d13794